| 000 | 00419nam a2200121Ia 4500 | ||
|---|---|---|---|
| 008 | 171212s9999 xx 000 0 und d | ||
| 020 | _a9780980623864 | ||
| 100 | _aAnderson, Kym;O'Neil, Bernard | ||
| 245 |
_cAnderson, Kym;O'Neil, Bernard _aThe Building of Economics at Adelaide _b1901-2001 |
||
| 260 |
_bUniversity of Adelaide Press _c2009 |
||
| 650 | _aHistory | ||
| 856 | _uhttp://jstor.org/stable/10.20851/j.ctt1t30543 | ||
| 999 |
_c352947 _d352947 |
||